[Event "C.to Italiano Semifinale"]
[Site "Civitanova Marche ITA"]
[Date "2012.07.22"]
[Round "9"]
[White "Mortola, Alberto"]
[Black "Stella, Luca"]
[WhiteElo "1989"]
[BlackElo "2134"]
[Result "0-1"]
[PlyCount "96"]
[EventDate "2012.07.15"]

1. e4 c5 2. c3 d5 3. exd5 Qxd5 4. d4 Nf6 5. Nf3 Bg4 6. Be2 e6 7. O-O Nc6 8. Be3
cxd4 9. Nxd4 Bxe2 10. Qxe2 Nxd4 11. Bxd4 Be7 12. Rd1 Qc6 13. Nd2 O-O 14. Qc4
Qxc4 15. Nxc4 Rac8 16. Ne3 a6 17. Bxf6 Bxf6 18. Rd7 b5 19. Rad1 h5 20. Kf1 a5
21. Rb7 Rb8 22. Rdd7 b4 23. cxb4 axb4 24. Nc2 Rxb7 25. Rxb7 Ra8 26. a3 bxa3 27.
bxa3 Rc8 28. Nb4 Bd4 29. Ke2 e5 30. f3 Rc3 31. Rb8+ Kh7 32. Ra8 Rb3 33. Nd3 f5
34. Ra5 g6 35. Nxe5 Re3+ 36. Kd2 Rxe5 37. Ra4 Be3+ 38. Kd3 f4 39. g3 fxg3 40.
hxg3 Bf2 41. Re4 Rxe4 42. Kxe4 Bxg3 43. f4 Kg7 44. a4 Kf6 45. a5 Bf2 46. a6 Ba7
47. Kf3 Kf5 48. Kg3 Ke4 0-1

[Event "C.to Italiano Semifinale"]
[Site "Civitanova Marche ITA"]
[Date "2012.07.22"]
[Round "9"]
[White "Paltrinieri, Nicholas"]
[Black "Lattanzio, Savino"]
[WhiteElo "2172"]
[BlackElo "2089"]
[Result "1-0"]
[PlyCount "57"]
[EventDate "2012.07.15"]

1. d4 Nf6 2. Bg5 c5 3. Nc3 cxd4 4. Qxd4 Nc6 5. Qh4 Qa5 6. O-O-O d6 7. e4 Be6 8.
a3 Rc8 9. f4 a6 10. Nf3 b5 11. f5 b4 12. Bxf6 gxf6 13. fxe6 bxc3 14. exf7+ Kd8
15. Bc4 Nb4 16. e5 Qa4 17. Rxd6+ exd6 18. Qxf6+ Kc7 19. Bb3 Qa5 20. Kb1 cxb2
21. Qxh8 Qxa3 22. exd6+ Kxd6 23. Qxb2 Qxb2+ 24. Kxb2 Be7 25. Re1 Bf6+ 26. Ka3
Nc6 27. Re8 Be7 28. Ka2 Rd8 29. Nd4 1-0

[Event "C.to Italiano Semifinale"]
[Site "Civitanova Marche ITA"]
[Date "2012.07.22"]
[Round "9"]
[White "Piscopo, Pierluigi"]
[Black "Caprio, Guido"]
[WhiteElo "2360"]
[BlackElo "2430"]
[Result "0-1"]
[PlyCount "141"]
[EventDate "2012.07.15"]

1. e4 c5 2. Nf3 Nc6 3. Bb5 Qb6 4. Nc3 e6 5. O-O a6 6. Bxc6 Qxc6 7. d4 cxd4 8.
Qxd4 Qc5 9. Qd3 Ne7 10. Be3 Qc7 11. a4 Nc6 12. a5 Nxa5 13. Na4 Nc6 14. Nb6 Rb8
15. c4 d6 16. Qc3 Ne5 17. Nxe5 dxe5 18. Rfd1 Bc5 19. Bxc5 Qxc5 20. b4 Qxb6 21.
Qxe5 Ra8 22. c5 Qb5 23. Ra5 Qc6 24. Qxg7 Rf8 25. Qe5 f6 26. Qh5+ Rf7 27. Qg4
Qc7 28. Ra2 e5 29. Qh5 Be6 30. Rad2 Qe7 31. Rd6 a5 32. bxa5 Rxa5 33. c6 bxc6
34. Rxc6 Rc5 35. Rb6 Bc8 36. h3 Kf8 37. Rd3 Kg7 38. Rbd6 Be6 39. Rb6 Rc1+ 40.
Kh2 Rc5 41. Rdd6 Bc8 42. Rd3 Rc4 43. Qh4 Kh8 44. Rdd6 Rb4 45. Rbc6 Bb7 46. Re6
Qf8 47. Rcd6 Rxe4 48. Qh5 Bc8 49. Qd1 Bxe6 50. Rd8 Rd4 51. Rxf8+ Rxf8 52. Qf3
Kg7 53. Qg3+ Kf7 54. Qf3 Rfd8 55. Qe3 Ra8 56. Qh6 Bf5 57. Qh5+ Ke6 58. Qf3 Be4
59. Qb3+ Bd5 60. Qb6+ Kf5 61. Qb1+ Be4 62. Qc1 Rg8 63. f3 Bd3 64. g4+ Ke6 65.
Kg3 Bc4 66. Qh6 Rf4 67. Qxh7 Rd8 68. Kh4 Rxf3 69. Qg7 Bf1 70. Kh5 Rxh3+ 71. Kg6
0-1

[Event "C.to Italiano Semifinale"]
[Site "Civitanova Marche ITA"]
[Date "2012.07.22"]
[Round "9"]
[White "Rambaldi, Francesco"]
[Black "Cocchi, Andrea"]
[WhiteElo "2257"]
[BlackElo "2319"]
[Result "0-1"]
[PlyCount "118"]
[EventDate "2012.07.15"]

1. e4 g6 2. d4 Bg7 3. Nc3 d6 4. Be3 a6 5. a4 Nd7 6. Nf3 e6 7. a5 Ne7 8. Qd2 h6
9. Be2 d5 10. O-O dxe4 11. Nxe4 Nd5 12. Rad1 N7f6 13. Nxf6+ Qxf6 14. Ne5 Qe7
15. c3 Nxe3 16. Qxe3 O-O 17. f4 Bd7 18. Rfe1 Rfd8 19. Bf3 Rab8 20. b4 Bb5 21.
Be4 b6 22. axb6 cxb6 23. Ra1 Rbc8 24. Rec1 Rc7 25. Bd3 Bxd3 26. Qxd3 g5 27.
Qxa6 gxf4 28. Nf3 Qd6 29. Qa3 Rdc8 30. Kh1 Rc4 31. Nd2 R4c7 32. Nf3 Qd5 33. Rc2
Qe4 34. Qc1 Bf6 35. Qd2 Qe3 36. Qxe3 fxe3 37. Rac1 Be7 38. b5 Ba3 39. Re1 Rxc3
40. Rce2 Bc1 41. g3 Rb3 42. Ne5 Bd2 43. Rf1 Rc1 44. Rxc1 Bxc1 45. Nc4 Rd3 46.
Nxb6 Rxd4 47. Kg2 Rb4 48. Rc2 Bd2 49. Kf3 Rxb5 50. Nc4 Rc5 51. Ke2 Kg7 52. Kd3
Kg6 53. Ra2 Rxc4 54. Kxc4 e2 55. Rxd2 e1=Q 56. Kd3 Kg5 57. Re2 Qa1 58. Ke3 e5
59. Kf2 Qd4+ 0-1

[Event "C.to Italiano Semifinale"]
[Site "Civitanova Marche ITA"]
[Date "2012.07.22"]
[Round "9"]
[White "Sibilio, Mario"]
[Black "Formento, Paolo"]
[WhiteElo "2352"]
[BlackElo "2155"]
[Result "1-0"]
[PlyCount "79"]
[EventDate "2012.07.15"]

1. Nf3 c5 2. b3 d6 3. c4 Nf6 4. Bb2 g6 5. Bxf6 exf6 6. Nc3 f5 7. g3 Bg7 8. Bg2
Nc6 9. O-O O-O 10. Rc1 Be6 11. Ne1 Qa5 12. Nd3 Rfd8 13. a4 Rab8 14. e3 a6 15.
Nf4 Bxc3 16. dxc3 Ne7 17. Qd3 b5 18. axb5 axb5 19. Ra1 Qb6 20. e4 Nc6 21. Nxe6
fxe6 22. exf5 Ne5 23. Qe3 exf5 24. cxb5 Re8 25. Qh6 Ng4 26. Qh4 Kg7 27. Ra6 Qc7
28. h3 Nf6 29. Qa4 d5 30. Rc6 Qe7 31. b6 Rbc8 32. Ra1 Kh8 33. Rxc8 Rxc8 34. Qf4
Ne4 35. Ra7 Qe8 36. Qh4 h5 37. Bxe4 Rc6 38. Bxd5 Qe1+ 39. Kg2 Rd6 40. Qf4 1-0

[Event "C.to Italiano Semifinale"]
[Site "Civitanova Marche ITA"]
[Date "2012.07.22"]
[Round "9"]
[White "Xia, Jie"]
[Black "Parrella, Alfredo"]
[WhiteElo "2301"]
[BlackElo "2101"]
[Result "1-0"]
[PlyCount "63"]
[EventDate "2012.07.15"]

1. d4 Nf6 2. Nf3 d5 3. e3 c5 4. Bd3 Bg4 5. h3 Bh5 6. c3 Bxf3 7. Qxf3 e6 8. Qe2
Ne4 9. Bxe4 dxe4 10. dxc5 Qd5 11. Nd2 f5 12. b4 Nc6 13. Nc4 O-O-O 14. Bb2 Ne5
15. Nxe5 Qxe5 16. c4 Qc7 17. O-O Rg8 18. Rfd1 Be7 19. Rxd8+ Bxd8 20. Rd1 g5 21.
Rd6 Qf7 22. c6 Bc7 23. Rd7 Qg6 24. b5 g4 25. Qd1 gxh3 26. Rxc7+ Kxc7 27. Qd7+
Kb6 28. Qxb7+ Kc5 29. Qxa7+ Kxc4 30. Qa4+ Kd3 31. Qb3+ Kd2 32. Bc3+ 1-0